The cracker barrel /

A collection of articles which originally appeared in the author's newspaper column, It makes you think.

Bibliographic Details
Main Author: Sloane, Eric (Author)
Format: Book
Language:English
Published: New York : Funk & Wagnalls, [1967]
Subjects:

MARC

Tag First Indicator Second Indicator Subfields
LEADER 00000cam a22000001i 4500
001 in00000261007
005 20240625162304.0
008 740605s1967 nyua 000 0 eng
010 |a  67025419  
019 |a 2648515  |a 1011006413 
029 1 |a AU@  |b 000000675922 
035 |a (OCoLC)ocm00975303  
035 |a (OCoLC)975303  |z (OCoLC)2648515  |z (OCoLC)1011006413 
035 |a (OCoLC)ocm00975303  
040 |a DLC  |b eng  |e rda  |c DLC  |d BTCTA  |d ABG  |d VVC  |d OCLCF  |d ZQP  |d OCLCQ  |d UAA  |d OCLCA  |d KZS  |d AL5MG  |d OCLCO  |d XFF  |d OCLCO  |d OCLCQ  |d TYC  |d UKOBU  |d OCLCO  |d OCLCL 
043 |a n-us--- 
050 0 0 |a E169.1  |b .S593 1967 
082 0 0 |a 917.3/03 
100 1 |a Sloane, Eric,  |e author. 
245 1 4 |a The cracker barrel /  |c Eric Sloane. 
264 1 |a New York :  |b Funk & Wagnalls,  |c [1967] 
264 4 |c ©1967 
300 |a 110 pages :  |b illustrations ;  |c 29 cm 
336 |a text  |b txt  |2 rdacontent 
337 |a unmediated  |b n  |2 rdamedia 
338 |a volume  |b nc  |2 rdacarrier 
505 0 |a Making "hex" designs -- The well hook of yesterday -- The full measure -- Wheelbarrow -- The American necktie -- Small-size Americana -- Candy hammer and scissor -- Slow but sure -- Time is long and art is fleeting -- You can spot the old ones a mile away -- Art is how you look at it -- Plan for Ye Olde Barn -- The Blue Streak and the Red Flash -- Man and wife -- Oops! -- First prize -- Solution at end -- The gentle art of sliding -- The King's mark and the white pine -- The old almanacs -- Bells are for ringing! -- The trials of art -- Capitalism -- Witchcraft : twentieth century -- Billions -- When the sands of time ran three times faster -- The dear old past -- The Great Bathtub Hoax -- Skeins and gaggles -- A gazebo and a penthouse -- American good luck! -- Hear ye! -- Mr. Terwilliger -- Signs of the times -- Dutch ovens and Franklin stoves -- It seems like only yesterday -- E. Sloane signs -- The painter's delight -- The American premium -- The Germans liked any color -- as long as it was red -- The Nutmeg Flag -- The column that put me in the dog house -- Sign of the handyman -- The target -- The first paper bag -- John Fuzz was -- When a church looked like a church -- The heritage of age -- A box full of memories -- A Franklin stone -- Simple tools -- Apple butter -- The good old days. 
520 |a A collection of articles which originally appeared in the author's newspaper column, It makes you think. 
651 0 |a United States  |x Civilization. 
600 1 4 |a U. S.-Civilization-Addresses and essays. 
651 6 |a États-Unis  |x Civilisation. 
650 7 |a Civilization.  |2 fast  |0 (OCoLC)fst00862898 
651 7 |a United States.  |2 fast  |0 (OCoLC)fst01204155  |1 https://id.oclc.org/worldcat/entity/E39PBJtxgQXMWqmjMjjwXRHgrq 
776 0 8 |i Online version:  |a Sloane, Eric.  |t Cracker barrel.  |d New York, Funk & Wagnalls [1967]  |w (OCoLC)639428851 
938 |a Baker and Taylor  |b BTCP  |n 67025419 //r91 
948 |h HELD BY TXA - 541 OTHER HOLDINGS 
994 |a Z0  |b TXA 
999 f f |s bfc4b395-5d45-3446-a309-1f1298466fee  |i 44cbe44e-a365-35e2-933a-2341c4293e2c  |t 0 
952 f f |p ric  |a Texas A&M University  |b Rellis Campus  |c Joint Library Facility  |s JLF  |d Remote Storage  |t 0  |e E169.1 .S593  |h Library of Congress classification  |i unmediated -- volume  |m A14802157614